Žilina

Bibliographic Details
Main Authors: Ehlichová, Katarína (Author), Knupp, Vojtech (Author)
Corporate Author: Slovenská informačná agentúra (vyd)
Other Authors: Horečný, J. (fot), Kupkovič, Ľ. (fot), Pfliegel, Miroslav, 1946-2018 (fot), Sásik, Tibor (fot), Vlach, Zdeno, 1946- (fot), Schreiber, Bedrich, 1926-1997 (gup), Repta, Tibor (redaktor) (Author of dialog), Rozborová, Lucia (Author of dialog), Suchý, Vít (Translator)
Format: Book
Language:French
PhysicalDescription:24 s. čiernobiele a fareb. fotogr., mp., noty 19x10 cm
Published: Bratislava Agence Slovaque d'Information 1996
ISBN:8080480567
Series:Slovaquie - carrefour de l'Europe
Subjects:

MARC

LEADER 00000nam a2200000 a 4500
001 vtls001219223
003 SK-MaSNL
005 20260301234043.0
008 240318s1996 xo 0 fre
015 |a SNBE1996/0200918 
020 |a 8080480567 
035 |a SNK000163292 
040 |a SNK  |b slo  |c SNK  |e AACR2 
041 0 |a fre 
044 |a xo  |c SK 
080 |a 908.437.658(083.9)=30  |2 1981 
080 |a 943.76  |2 1981 
080 |a 342.228(437.6)  |2 1981 
100 1 |a Ehlichová, Katarína  |4 aut  |9 10710 
245 1 0 |a Žilina  |c [auteurs: Katarína Ehlichová, Vojtech Knupp ; traduction: Vít Suchý ; photographes J. Horečný ... [et al.]] 
260 |a Bratislava  |b Agence Slovaque d'Information  |c 1996 
300 |a 24 s.  |b čiernobiele a fareb. fotogr., mp., noty  |c 19x10 cm 
490 1 |a Slovaquie - carrefour de l'Europe 
500 |a Údaje o zodp. doplnené z tiráže 
651 7 |a Žilina (Slovensko)  |2 SNK  |9 28812 
655 7 |a informačné publikácie  |2 SNK  |9 70181 
700 1 |a Knupp, Vojtech  |4 aut  |9 5029 
700 1 |a Horečný, J.  |4 fot  |9 301008 
700 1 |a Kupkovič, Ľ.  |4 fot  |9 380031 
700 1 |a Pfliegel, Miroslav,  |d 1946-2018  |4 fot  |9 103946 
700 1 |a Sásik, Tibor  |4 fot  |9 5154 
700 1 |a Vlach, Zdeno,  |d 1946-  |4 fot  |9 18148 
700 1 |a Schreiber, Bedrich,  |d 1926-1997  |4 gup  |9 160288 
700 1 |a Repta, Tibor  |c (redaktor)  |4 aud  |9 203474 
700 1 |a Rozborová, Lucia  |4 aud  |9 11392 
700 1 |a Suchý, Vít  |4 trl  |9 8830 
710 0 |a Slovenská informačná agentúra  |4 vyd  |9 33324 
830 0 |a Slovaquie - carrefour de l'Europe  |9 380164 
919 |a 80-8048-056-7 
958 |a TL 
958 |a BQ 
999 |c 968758  |d 970688 
952 |t P60, <03>, [BOOK], {603}  |a SNK  |b SNK  |y PREZ  |7 0  |p 17A0008497  |o snkOSD 7812  |i snkKSP 6361/96  |0 0  |1 0  |4 0  |d 1996-08-12  |l 0  |r 2005-01-01 00:00:00  |w 2026-02-24 
952 |t P60, <04>, [BOOK], {604}  |a SNK  |b SNK  |y VYP  |7 0  |p 17A0008496  |o snkOSD 7812 D1  |i snkKSP 6362/96  |0 0  |1 0  |4 0  |d 1996-08-12  |l 0  |r 2005-01-01 00:00:00  |w 2026-02-24 
952 |t P60, <09>, [BOOK], {629}  |a SNK  |b SNK  |y NEVYP  |7 0  |o snkD 311  |i snk2641/960812  |0 0  |1 0  |4 0  |d 1996-08-12  |l 0  |r 2005-01-01 00:00:00  |w 2026-02-24